000 01199nam a22003497a 4500
003 CHAP
005 20220329143505.0
008 100129s2008 mx a r 00010 spa d
010 _a97438
011 _a98410
035 _a109095
040 _cCHAP
082 0 4 _a306.0972
_bUr33 2008
100 0 0 _aUribe Villegas, Óscar.
_9116953
245 1 0 _aIdentidad mexicana :
_bSur-Braviana
_c/por Óscar Uribe Villegas
246 3 _iTítulo en cubierta :
_aDe los gremios medioevales a las independencias nacionales al Sur del Bravo
250 _a2 ed.
260 _aToluca, Edo. de Méx. :
_bColumna Liberal,
_c2008
300 _a312 p. :
_bilus., lamina
590 _aBATCH-UPD
_b10
_c20130110
_lUCH01
_h1615
590 _aBATCH-UPD
_b10
_c20130410
_lUCH01
_h1010
590 _aBATCH-UPD
_b10
_c20130914
_lUCH01
_h1629
590 _aCONVERSION
_b10
_c20130109
_lUCH01
_h1354
650 1 4 _aIdentidad.
_957290
650 1 4 _aMéxico
_xHistoria
_xRevolución.
_976768
650 1 4 _aNacionalismo.
_980006
650 1 4 _aNacionalización
_xAmérica Latina.
_980008
901 _aBK
911 _aen proceso
942 _cLIBRO
949 _a306.0972 Ur33 2008
_bBC
_cLIBRO
_d33724002130298
_eLIBRO
_h111742
_i109095
_sb
999 _c97438
_d97438